| 000 | 01172nam a2200241Ia 4500 | ||
|---|---|---|---|
| 003 | OSt | ||
| 005 | 20210825134245.0 | ||
| 008 | 210310s1975 ck ad gr 000 0 spa d | ||
| 040 |
_aCO-JMCR _cCO-JMCR |
||
| 041 | 0 | _aspa | |
| 082 | 0 | 4 |
_a338.528 / _bB157a _223 |
| 110 | 2 |
_aColombia. _bBanco de la República _94817 |
|
| 245 | 1 | 0 |
_aMetodología del índice de precios al por mayor del comercio en general : _cbase: 1970=100 / _bbanco de la República ; Departamento de Investigaciones Económicas |
| 260 |
_aBogotá, Colombia : _bBanco de la República, _c1975. |
||
| 300 |
_b173 páginas : _ailustraciones y gráficas en blanco y negro ; _c24 cm. |
||
| 500 | _aIncluye índice. | ||
| 505 | 0 | _aReseña histórica. -- Concepto, objetivos y usos. -- Selección de artículos y cobertura. -- Fuentes de información. -- Clasificación y ponderaciones. -- Encuesta básica. -- Recolección, periodicidad y critica. -- Codificación, calculo y prestación. | |
| 650 | 1 | 4 |
_aíndice de precios _927807 |
| 650 | 2 | 4 |
_aPrecios comerciales _939684 |
| 650 | 2 | 4 |
_aMetodología de precios _939685 |
| 710 | 2 |
_aDepartamento de Investigaciones Económicas _96846 |
|
| 942 |
_2ddc _cBK |
||
| 999 |
_c12285 _d12285 |
||